| 000 | 01224nam a2200301 a 4500 | ||
|---|---|---|---|
| 999 |
_c17155 _d17155 |
||
| 003 | BLK | ||
| 005 | 20250624181947.0 | ||
| 008 | 180413b bul|||||r ||||||| ||bul|| | ||
| 010 | _aKNG00019077000 | ||
| 040 | _aBLK | ||
| 041 |
_aBUL _cBUL |
||
| 080 |
_aКласическа гръцка литература. Старогръцка литература _b821.142 _x-342 _z821.142-342 |
||
| 100 | 1 |
_aЕзоп _eпърви автор _966774 |
|
| 139 |
_aЕзоп _bЕ 38 |
||
| 245 | 1 | 0 |
_aБасни _cЕзоп ; прев. от старогр. Тодор Димитров Сарафов. |
| 250 | _a2. изд. | ||
| 257 | _aGRE | ||
| 260 |
_aПловдив _bХристо Г. Данов _c1982 |
||
| 300 |
_a165 с. _c20 см |
||
| 380 | _aX | ||
| 490 |
_aБиблиотека Хумор на народите _9204010 |
||
| 500 | _aОриг. загл. Nythoi. - 1. изд. 1967 на изд. Нар. култура. - Азб. показалец. | ||
| 700 | 1 |
_aСарафов, Тодор Димитров _eпрев. от старогр. _9261737 |
|
| 852 |
_aЦб 114401 _bЦб |
||
| 942 |
_cKNG _n0 _012 _s1 |
||
| 944 |
_aCR _c15.01.2003 _lСевдалина Тодорова _k30540 |
||
| 944 |
_aED _c2022-03-29 _kГГГ |
||